Every Beyblade Burst Release - Statistics

General Stats
  • This quiz has been taken 19 times
  • The average score is 3 of 378
Answer Stats
Hint Answer % Correct
B-02: DX Starter Spriggan Spread Fusion
63%
B-01: DX Starter Valkyrie Wing Accel
63%
B-173: Random Booster: Vol.22 Ace Dragon Wheel Rise Gen
13%
B-188: Customize Set Astral Spriggan Over Quattro-0
13%
B-73: Starter God Valkyrie 6Vortex Reboot
13%
B-04: Starter Kerbeus Central Defense
13%
B-97: Starter Nightmare Longinus Destroy
13%
B-03: Starter Ragnaruk Heavy Survive
13%
B-100: Starter Spriggan Requiem 0 Zeta
13%
B-00: Anime Exclusive Bey Strike God Valkyrie 6Vortex Ultimate Reboot
13%
B-102: Booster Twin Nemesis 3Hit Ultimate Reboot
13%
B-34: Starter Victory Valkyrie Boost Variable
13%
B-170: Random Booster: Vol.21 Abyss Diabolos 5 Fusion' 1S
0%
B-176: Random Booster: Vol.23 Abyss Longinus 13 Spiral' 4A
0%
B-133: DX Starter Ace Dragon Sting Charge Zen
0%
B-87: Random Booster: Vol.7 Acid Anubis 8Vortex Loop
0%
B-71: Booster Acid Anubis Yell Orbit
0%
B-170: Random Booster: Vol.21 Air Knight 10 Revolve
0%
B-130: Random Booster: Vol.13 Air Knight 11 Friction
0%
B-130: Random Booster: Vol.13 Air Knight 12Expand Eternal
0%
B-82: Booster Alter Chronos 6Meteor Trans
0%
B-95: Random Booster: Vol.8 Alter Chronos Ring Tower
0%
B-98: God Customize Set Arc Bahamut 2Bump Atomic
0%
B-118: Random Booster: Vol.11 Arc Bahamut 7Lift Xtend
0%
B-176: Random Booster: Vol.23 Archer Hercules 10Axe Power
0%
B-115: Booster Archer Hercules 13 Eternal
0%
B-125: Random Booster: Vol.12 Archer Hercules Heavy Friction
0%
B-194: Random Booster: Vol.27 Astral Fafnir Karma Venture-0
0%
B-206: Booster Barricade Lucifer Illegal Bearing Mobius-10
0%
B-80: Random Booster: Vol.6 Beast Behemoth 4Cross Weight
0%
B-63: Booster Beast Behemoth Heavy Hold
0%
B-101: Random Booster: Vol.9 Beat Kukulcan 7Under Hunter
0%
B-125: Random Booster: Vol.12 Beat Kukulchan 13Dagger Yard
0%
B-157: Booster Big Bang Genesis 0 Yard Metal
0%
B-101: Random Booster: Vol.9 Blast Jinnius 1 Defense
0%
B-89: Booster Blast Jinnius 5Glaive Guard
0%
B-75: Booster Blaze Ragnaruk 4Cross Flugel
0%
B-87: Random Booster: Vol.7 Blaze Ragnaruk Nine Liner
0%
B-95: Random Booster: Vol.8 Blaze Ragnaruk Triple Revolve
0%
B-110: Starter Bloody Longinus 13 Jolt
0%
B-128: Cho-Z Customize Set Bloody Longinus 1'Dagger Cycle
0%
B-132: Random Booster: Vol.14 Bloody Longinus 3 Press
0%
B-118: Random Booster: Vol.11 Bloody Longinus 8Vortex Defense
0%
B-163: Booster Brave Valkyrie Evolution' 2A
0%
B-181: Random Booster: Vol.25 Brave Wyvern 10 Never 4A
0%
B-170: Random Booster: Vol.21 Burn Phoenix 00 Assault'
0%
B-158: Random Booster: Vol.19 Burn Phoenix Yell Wedge
0%
B-205: VS Set Burst Spriggan Spread' Fusion'-8
0%
B-158: Random Booster: Vol.19 Bushin Ashura 13 Anchor Sen
0%
B-135: Booster Bushin Ashura Hurricane Keep Ten
0%
B-140: Random Booster: Vol.15 Bushin Dragon 7 Friction Retsu
0%
B-151: Random Booster: Vol.17 Bushin Valkyrie 0 Unite' Retsu
0%
B-120: Starter Buster Xcalibur 1' Sword
0%
B-140: Random Booster: Vol.15 Buster Xcalibur Zenith Absorb
0%
B-198: Random Booster: Vol.29 Chain Kerbeus Fortress Yard'-6
0%
B-201: Customize Set Chain Phoenix Fortress Metal Never-2
0%
B-198: Random Booster: Vol.29 Chain Ragnaruk Tapered Accel'-10
0%
B-57: Triple Booster Chaos Oval Gyro
0%
B-129: Starter Cho-Z Achilles 00 Dimension
0%
B-128: Cho-Z Customize Set Cho-Z Spriggan 0Wall Zeta'
0%
B-158: Random Booster: Vol.19 Cho-Z Valkyrie 3 Guard
0%
B-127: Starter Cho-Z Valkyrie Zenith Evolution
0%
B-153: GT Customize Set Cosmo Dragon Vanguard Revolve Retsu
0%
B-170: Random Booster: Vol.21 Cosmo Pegasus 7 Atomic Sou
0%
B-140: Random Booster: Vol.15 Cosmo Valkyrie 11 Eternal Ten
0%
B-111: Random Booster: Vol.10 Crash Ragnaruk 11Reach Wedge
0%
B-128: Cho-Z Customize Set Crash Ragnaruk 5Cross Volcanic'
0%
B-146: Random Booster: Vol.16 Crash Ragnaruk 7Bump Fusion'
0%
B-176: Random Booster: Vol.23 Curse Deathscyther 8' Zeta' 1S
0%
B-164: Random Booster: Vol.20 Curse Ragnaruk 0 Accel' 1S
0%
B-171: SuperKing // Sparking Triple Booster Curse Satan Aero' Hold' 1D
0%
B-164: Random Booster: Vol.20 Curse Satan Hurricane Universe 1D
0%
B-188: Customize Set Cyclone Belial Nexus Metal Xtreme-2
0%
B-181: Random Booster: Vol.25 Cyclone Ragnaruk Giga Never-6
0%
B-181: Random Booster: Vol.25 Cyclone Ragnaruk Nexus Rise-2
0%
B-198: Random Booster: Vol.29 Cyclone Valkyrie Giga High Eternal-3
0%
B-191: Overdrive Special Starter Dangerous Belial Almight-2
0%
B-42: Booster Dark Deathscyther Force Jaggy
0%
B-61: Random Booster: Vol.4 Dark Deathscyther Jerk Orbit
0%
B-61: Random Booster: Vol.4 Dark Deathscyther Vertical Fusion
0%
B-125: Random Booster: Vol.12 Dead Hades 11Turn Zephyr'
0%
B-173: Random Booster: Vol.22 Dead Hades 1' High Blow'
0%
B-140: Random Booster: Vol.15 Dead Hades 8'Expand Xtreme'
0%
B-131: Booster Dead Phoenix 0 Atomic
0%
B-176: Random Booster: Vol.23 Dead Phoenix 3 High Zephyr'
0%
B-170: Random Booster: Vol.21 Death Diabolos 4Turn Merge' 1D
0%
B-24: Random Booster: Vol.2 Deathscyther Armed Blow
0%
B-12: Starter Deathscyther Oval Accel
0%
B-24: Random Booster: Vol.2 Deathscyther Spread Massive
0%
B-21: Custom Set: Attack & Balance Deathscyther Wing Fusion
0%
B-179: Booster Death Solomon Metal Fusion 2B
0%
B-125: Random Booster: Vol.12 Deep Chaos 0Turn Xtend
0%
B-98: God Customize Set Deep Chaos 4Flow Bearing
0%
B-194: Random Booster: Vol.27 Devil Belial Giga Mobius-3
0%
B-202: Random Booster: Vol.30 Devil Xcalibur Moon High Wave'-2
0%
B-197: Booster Divine Belial Nexus Adventure-3
0%
B-203: Ultimate Fusion DX Set Divine Belial Nexus Bearing Drift (1 Gear)
0%
B-156: Random Booster: Vol.18 Draciel Fortress 00Wall Charge
0%
B-87: Random Booster: Vol.7 Draciel Shield 4Flow Cycle
0%
B-67: Random Booster: Vol.5 Draciel Shield Central Press
0%
B-176: Random Booster: Vol.23 Draciel Viper 00Wall High Defense
0%
B-95: Random Booster: Vol.8 Dragoon Storm 5Meteor Loop
0%
B-194: Random Booster: Vol.27 Dragoon V2 Tapered Zone'
0%
B-181: Random Booster: Vol.25 Dragoon V2 Wheel Xceed'
0%
B-173: Random Booster: Vol.22 Dragoon Victory 2Expand Eternal
0%
B-156: Random Booster: Vol.18 Dragoon Victory Sting Evolution
0%
B-98: God Customize Set Drain Fafnir 7Star Zephyr
0%
B-79: Starter Drain Fafnir 8 Nothing
0%
B-130: Random Booster: Vol.13 Dranzer Flame 10Turn Sword
0%
B-101: Random Booster: Vol.9 Dranzer Flame Yell Zeta
0%
B-87: Random Booster: Vol.7 Dranzer Spiral 6Cross Spiral
0%
B-186: Random Booster: Vol.26 Dranzer V2 0Cross Reboot'
0%
B-170: Random Booster: Vol.21 Dranzer Volcano 0 Charge'
0%
B-149: GT Customize Set Dread Bahamut 7Wall Orbit Metal Gen
0%
B-156: Random Booster: Vol.18 Dread Fafnir Paradox Revolve Metsu
0%
B-132: Random Booster: Vol.14 Driger Fang 0 Xtend
0%
B-95: Random Booster: Vol.8 Driger Slash 4Vortex Hunter
0%
B-61: Random Booster: Vol.4 Driger Slash Heavy Fusion
0%
B-198: Random Booster: Vol.29 Driger V2 Over Wedge'
0%
B-173: Random Booster: Vol.22 Driger Vulcan 0 High Jaggy'
0%
B-180: Booster Dynamite Belial Nexus Venture-2
0%
B-194: Random Booster: Vol.27 Dynamite Belial Nexus Venture (Perfect Gear)
0%
B-198: Random Booster: Vol.29 Dynamite Kerbeus Legacy Moment-9
0%
B-186: Random Booster: Vol.26 Dynamite Ragnaruk Nexus Just-6
0%
B-194: Random Booster: Vol.27 Dynamite Valkyrie Over Just-6
0%
B-164: Random Booster: Vol.20 Earth Aquila Vanguard Merge'
0%
B-106: Booster Emperor Forneus 0 Yard
0%
B-118: Random Booster: Vol.11 Emperor Forneus 1Meteor Hunter
0%
B-111: Random Booster: Vol.10 Emperor Forneus 7 Zeta
0%
B-170: Random Booster: Vol.21 Emperor Forneus Wheel Destroy
0%
B-130: Random Booster: Vol.13 Emperor Fornues 13Meteor Survive
0%
B-156: Random Booster: Vol.18 Erase Bahamut 1'Star Zeta' Sou
0%
B-145: DX Starter Erase Diabolos Vanguard Bullet
0%
B-153: GT Customize Set Erase Fafnir Sting Trick Ten
0%
B-24: Random Booster: Vol.2 Evil-Eye Wing Needle
0%
B-80: Random Booster: Vol.6 Exceed Evil-Eye 2Glaive Weight
0%
B-80: Random Booster: Vol.6 Exceed Evil-Eye Gravity Atomic
0%
B-80: Random Booster: Vol.6 Fang Fenrir 6Glaive Liner
0%
B-65: Stadium Set: Beyblade Fang Fenrir Boost Jaggy
0%
B-80: Random Booster: Vol.6 Fang Fenrir Polish Atomic
0%
B-178: Random Booster: Vol.24 First Uranus 00 Metal Accel 1D
0%
B-164: Random Booster: Vol.20 Flame Saggitario 00 Keep'
0%
B-146: Random Booster: Vol.16 Flare Ashura 5 Survive Retsu
0%
B-146: Random Booster: Vol.16 Flare Dragon Around Planet Sen
0%
B-146: Random Booster: Vol.16 Gaia Dragoon Around Hunter'
0%
B-194: Random Booster: Vol.27 Galaxy Pegasus Legacy Xtreme'
0%
B-84: 3-on-3 Battle Set Galaxy Zeus 4Star Planet
0%
B-199: Booster Gatling Dragon Karma Charge Metal'-10
0%
B-122: Starter Geist Fafnir 8' Absorb
0%
B-00: Anime Exclusive Bey Geist Fafnir 8'Proof Absorb
0%
B-146: Random Booster: Vol.16 Geist Fafnir Ratchet Gyro
0%
B-101: Random Booster: Vol.9 Gigant Gaia 8Under Quake
0%
B-67: Random Booster: Vol.5 Gigant Gaia Quarter Fusion
0%
B-164: Random Booster: Vol.20 Glide Hyperion 7Bump Survive 1D
0%
B-178: Random Booster: Vol.24 Glide Ragnaruk 5 Trans 1S
0%
B-161: Booster Glide Ragnaruk Wheel Revolve 1S
0%
B-87: Random Booster: Vol.7 God Valkyrie 2 Flugel
0%
B-158: Random Booster: Vol.19 Grand Dragon Aero'Lift Flugel Gou
0%
B-133: DX Starter Grand Dragon Sting Charge Zen
0%
B-192: Booster Greatest Raphael Over High Xtend+'
0%
B-101: Random Booster: Vol.9 Guardian Kerbeus 7 Nothing
0%
B-84: 3-on-3 Battle Set Guardian Kerbeus Heavy Revolve
0%
B-189: Booster Guilty Longinus Karma Metal Destroy-2
0%
B-194: Random Booster: Vol.27 Guilty Spriggan Outer Never-2
0%
B-181: Random Booster: Vol.25 Hades Kerbecs Giga Wave
0%
B-146: Random Booster: Vol.16 Hazard Kerbeus 00Hit Guard
0%
B-130: Random Booster: Vol.13 Hazard Kerbeus 4 Merge'
0%
B-121: Cho-Z Triple Booster Set Hazard Kerbeus 7 Atomic
0%
B-156: Random Booster: Vol.18 Heaven Joker Gravity Operate Gou
0%
B-148: Booster Heaven Pegasus 10Proof Low
0%
B-174: Limit Break DX Set Helios Volcano Zone'+Z
0%
B-113: Booster Hell Salamander 12 Operate
0%
B-130: Random Booster: Vol.13 Hell Salamander 13 Blow'
0%
B-125: Random Booster: Vol.12 Hell Salamander Gravity Yielding
0%
B-173: Random Booster: Vol.22 Hell Salamander Outer Universe
0%
B-176: Random Booster: Vol.23 Hollow Deathscyther 12Axe High Accel' 4A
0%
B-176: Random Booster: Vol.23 Hollow Valkyrie 12 Absorb 1D
0%
B-61: Random Booster: Vol.4 Holy Horusood Triple Orbit
0%
B-44: Booster Holy Horusood Upper Claw
0%
B-61: Random Booster: Vol.4 Holy Horusood Vertical Jaggy
0%
B-20: Booster Horusood Spread Edge
0%
B-174: Limit Break DX Set Hyperion Burn Xceed'+X
0%
B-178: Random Booster: Vol.24 Imperial Dragon 7 Eternal
0%
B-154: DX Booster Imperial Dragon Ignition'
0%
B-80: Random Booster: Vol.6 Inferno Ifrit 2Vortex Hold
0%
B-64: Heavy Custom Set Inferno Ifrit Magnum Liner
0%
B-173: Random Booster: Vol.22 Infinite Achilles 7 Loop 1D
0%
B-173: Random Booster: Vol.22 Infinite Achilles Dimension' 1B
0%
B-181: Random Booster: Vol.25 Infinite Deathscyther Universe 1A
0%
B-196: Random Booster: Vol.28 Infinite Dragon Zone'+X 1A
0%
B-87: Random Booster: Vol.7 Jail Jormungand 6Glaive Nothing
0%
B-69: Booster Jail Jormungand Infinity Cycle
0%
B-177: Booster Jet Wyvern Around Just 1D
0%
B-142: Booster Judgement Joker 00Turn Trick Zen
0%
B-151: Random Booster: Vol.17 Judgement Pegasus 8'Glaive Keep' Metsu
0%
B-64: Speed Custom Set Kaiser Kerbeus Down Orbit
0%
B-49: Random Booster: Vol.3 Kaiser Kerbeus Gravity Variable
0%
B-49: Random Booster: Vol.3 Kaiser Kerbeus Knuckle Revolve
0%
B-37: Booster Kaiser Kerbeus Limited Press
0%
B-15: Random Booster: Vol.1 Kerbeus Heavy Survive
0%
B-15: Random Booster: Vol.1 Kerbeus Spread Accel
0%
B-07: Booster Kerbeus Wing Fusion
0%
B-85: Booster Killer Deathscyther 2Vortex Hunter
0%
B-95: Random Booster: Vol.8 Killer Deathscyther Quarter Loop
0%
B-170: Random Booster: Vol.21 King Fafnir 8' Defense 1S
0%
B-196: Random Booster: Vol.28 King Helios Karma High Charge' 1S
0%
B-203: Ultimate Fusion DX Set King Helios MR Giga Zeal-10
0%
B-178: Random Booster: Vol.24 King Helios Survive 1B
0%
B-159: Booster King Helios Zone 1B
0%
B-158: Random Booster: Vol.19 Knockout Odin 12 Operate' Ten
0%
B-74: Starter Kreis Satan 2Glaive Loop
0%
B-101: Random Booster: Vol.9 Kreis Satan 5 Guard
0%
B-87: Random Booster: Vol.7 Kreis Satan Yell Spiral
0%
B-132: Random Booster: Vol.14 Left Apollos 12Meteor Sword
0%
B-111: Random Booster: Vol.10 Legend Spriggan 0Under Nothing
0%
B-132: Random Booster: Vol.14 Legend Spriggan 5Reach Eternal
0%
B-86: Starter Legend Spriggan 7 Merge
0%
B-151: Random Booster: Vol.17 Lightning L-Drago 10Reach Zephyr
0%
B-149: GT Customize Set Lord Spriggan Blitz Dimension'
0%
B-111: Random Booster: Vol.10 Lost Longinus 2Reach Merge
0%
B-66: Starter Lost Longinus Nine Spiral
0%
B-175: Booster Lucifer the End Drift
0%
B-101: Random Booster: Vol.9 Mad Minoboros 5Vortex Zephyr
0%
B-84: 3-on-3 Battle Set Mad Minoboros Quarter Quake
0%
B-178: Random Booster: Vol.24 Master Diabolos 0 Zephyr
0%
B-155: Starter Master Diabolos Generate
0%
B-125: Random Booster: Vol.12 Maximum Garuda 7Lift Sword
0%
B-87: Random Booster: Vol.7 Maximum Garuda 8Flow Flugel
0%
B-21: Custom Set: Attack & Balance Minoboros Oval Quake
0%
B-167: Booster Mirage Fafnir Nothing 2S
0%
B-164: Random Booster: Vol.20 Naked Bahamut 10 Universe Metsu
0%
B-171: SuperKing // Sparking Triple Booster Naked Diabolos 11 Wave
0%
B-156: Random Booster: Vol.18 Naked Longinus 0Turn Rise Sen
0%
B-156: Random Booster: Vol.18 Naked Spriggan Paradox Orbit Metal Ten
0%
B-28: Booster Neptune Armed Zephyr
0%
B-118: Random Booster: Vol.11 Nightmare Longinus Planet
0%
B-67: Random Booster: Vol.5 Nova Neptune Jerk Impact
0%
B-67: Random Booster: Vol.5 Nova Neptune Quarter Needle
0%
B-57: Triple Booster Nova Neptune Vertical Trans
0%
B-46: Booster Obelisk Odin Triple Xtreme
0%
B-61: Random Booster: Vol.4 Obelisk Odin Upper Jaggy
0%
B-24: Random Booster: Vol.2 Odin Armed Claw
0%
B-17: Booster Odin Central Blow
0%
B-24: Random Booster: Vol.2 Odin Oval Fusion
0%
B-140: Random Booster: Vol.15 Orb Aegis 0Turn Quick'
0%
B-128: Cho-Z Customize Set Orb Aegis Outer Quest
0%
B-156: Random Booster: Vol.18 Poison Dragon 11 Volcanic' Zen
0%
B-158: Random Booster: Vol.19 Poison Hydra 8'Angle Fusion' Gen
0%
B-153: GT Customize Set Prime Apocolypse 0Dagger Ultimate Reboot'
0%
B-202: Random Booster: Vol.30 Prominence Knight Legacy Sword'-1
0%
B-191: Overdrive Special Starter Prominence Phoenix Tapered Metal Universe-10
0%
B-195: Booster Prominence Valkyrie Over Atomic'-0
0%
B-80: Random Booster: Vol.6 Psychic Phantom 6Cross Sprial
0%
B-64: Speed Custom Set Psychic Phantom Polish Weight
0%
B-95: Random Booster: Vol.8 Quad Quetzalcoatl 4Star Flugel
0%
B-61: Random Booster: Vol.4 Quad Quetzalcoatl Jerk Press
0%
B-168: Booster Rage Longinus Destroy' 3A
0%
B-06: Booster Ragnaruk Central Accel
0%
B-22: Custom Set: Defense & Stamina Ragnaruk Central Massive
0%
B-15: Random Booster: Vol.1 Ragnaruk Spread Claw
0%
B-15: Random Booster: Vol.1 Ragnaruk Wing Defense
0%
B-153: GT Customize Set Regalia Genesis Hybrid
0%
B-117: Starter Revive Phoenix 10 Friction
0%
B-130: Random Booster: Vol.13 Revive Phoenix 12 Fusion'
0%
B-178: Random Booster: Vol.24 Revive Phoenix 4 Metal Defense
0%
B-146: Random Booster: Vol.16 Revive Phoenix 8'Meteor Accel'
0%
B-132: Random Booster: Vol.14 Right Artemis 4Proof Orbit
0%
B-49: Random Booster: Vol.3 Rising Ragnaruk Boost Press
0%
B-36: Booster Rising Ragnaruk Gravity Revolve
0%
B-49: Random Booster: Vol.3 Rising Ragnaruk Knuckle Yielding
0%
B-186: Random Booster: Vol.26 Roar Bahamut Giga Moment-10
0%
B-186: Random Booster: Vol.26 Roar Fafnir 00 Revolve-2
0%
B-198: Random Booster: Vol.29 Roar Spriggan Fortress Kick-2
0%
B-158: Random Booster: Vol.19 Rock Dragon 5 Jaggy' Sou
0%
B-133: DX Starter Rock Dragon Sting Charge Zen
0%
B-151: Random Booster: Vol.17 Rock Joker Zenith Eternal Sou
0%
B-191: Overdrive Special Starter Savior Perseus Giga Bearing'-3
0%
B-187: Starter Savior Valkyrie Shot-7
0%
B-118: Random Booster: Vol.11 Screw Trident 0Lift Volcanic
0%
B-103: Booster Screw Trident 8Bump Wedge
0%
B-95: Random Booster: Vol.8 Shelter Regulus 5Star Tower
0%
B-125: Random Booster: Vol.12 Shelter Regulus 8'Bump Destroy'
0%
B-158: Random Booster: Vol.19 Shining Amaterios 0 Destroy'
0%
B-92: Starter Sieg Xcalibur 1 Iron
0%
B-111: Random Booster: Vol.10 Sieg Xcalibur 5Bump Atomic
0%
B-140: Random Booster: Vol.15 Slash Ashura 5 Quest Zen
0%
B-149: GT Customize Set Slash Dragon 00 Octa Metsu
0%
B-146: Random Booster: Vol.16 Slash Joker 10 Keep Metsu
0%
B-134: Booster Slash Valkyrie Blitz Power Retsu
0%
B-15: Random Booster: Vol.1 Spriggan Central Accel
0%
B-05: Booster Spriggan Heavy Defense
0%
B-111: Random Booster: Vol.10 Spriggan Requiem 6Meteor Iron
0%
B-132: Random Booster: Vol.14 Spriggan Requiem 7 Absorb
0%
B-21: Custom Set: Attack & Balance Spriggan Spread Blow
0%
B-15: Random Booster: Vol.1 Spriggan Wing Claw
0%
B-140: Random Booster: Vol.15 Storm Pegasus 10Glaive Quick'
0%
B-176: Random Booster: Vol.23 Storm Pegasus Drake High Survive
0%
B-151: Random Booster: Vol.17 Storm Pegasus Hurricane Atomic
0%
B-64: Heavy Custom Set Storm Spriggan Boost Impact
0%
B-49: Random Booster: Vol.3 Storm Spriggan Boost Variable
0%
B-35: Starter Storm Spriggan Knuckle Unite
0%
B-49: Random Booster: Vol.3 Storm Spriggan Limited Variable
0%
B-00: Stadium Set Bey Strike God Valkyrie Mugen
0%
B-196: Random Booster: Vol.28 Super Hyperion Giga Metal Dimension 4A
0%
B-203: Ultimate Fusion DX Set Super Hyperion MR Tapered Xplosion'-2
0%
B-178: Random Booster: Vol.24 Super Hyperion Quick 1A
0%
B-160: Booster Super Hyperion Xceed 1A
0%
B-173: Random Booster: Vol.22 Super Satan 6 Xtreme' 1S
0%
B-164: Random Booster: Vol.20 Tact Diabolos 2Glaive Low Gen
0%
B-151: Random Booster: Vol.17 Tact Fafnir 11 Revolve Sen
0%
B-151: Random Booster: Vol.17 Tact Longinus 12Expand Trans' Sou
0%
B-196: Random Booster: Vol.28 Tempest Achilles Xceed'+Z 1B
0%
B-171: SuperKing // Sparking Triple Booster Tempest Dragon Charge Metal 1A
0%
B-98: God Customize Set Tornado Wyvern 1Meteor Spiral
0%
B-80: Random Booster: Vol.6 Tornado Wyvern 4Glaive Atomic
0%
B-15: Random Booster: Vol.1 Trident Heavy Claw
0%
B-125: Random Booster: Vol.12 Twin Nemesis 1'Hit Wedge
0%
B-193: Booster | B-196: Random Booster: Vol.28 Ultimate Valkyrie Legacy Variable'-9
0%
B-205: VS Set Ultimate Valkyrie Wing' Accel'-9
0%
B-22: Custom Set: Defense & Stamina Unicorn Ring Defense
0%
B-150: Booster Union Achilles Convert Xtend+ Retsu
0%
B-164: Random Booster: Vol.20 Union Spriggan Outer Quick' Zen
0%
B-56: Booster Unlock Unicorn Down Needle
0%
B-67: Random Booster: Vol.5 Unlock Unicorn Quarter Accel
0%
B-67: Random Booster: Vol.5 Unlock Unicorn Upper Trans
0%
B-101: Random Booster: Vol.9 Valkyrie 1Flow Edge
0%
B-15: Random Booster: Vol.1 Valkyrie Central Fusion
0%
B-24: Random Booster: Vol.2 Valkyrie Oval Needle
0%
B-13: Booster Valkyrie Spread Survive
0%
B-185: Booster Vanish Fafnir Tapered Kick-3
0%
B-194: Random Booster: Vol.27 Vanish Longinus Nexus Moment-7
0%
B-169: Starter Variant Lucifer Mobius 2D
0%
B-178: Random Booster: Vol.24 Variant Lucifer Orbit 2D
0%
B-186: Random Booster: Vol.26 Variant Spriggan Convert High Hold' 1S
0%
B-145: DX Starter Venom Diabolos Vanguard Bullet
0%
B-49: Random Booster: Vol.3 Victory Valkyrie Limited Unite
0%
B-64: Heavy Custom Set Victory Valkyrie Triple Unite
0%
B-57: Triple Booster Victory Valkyrie Upper Quake
0%
B-118: Random Booster: Vol.11 Vise Leopard 12Lift Destroy
0%
B-140: Random Booster: Vol.15 Vise Leopard 1'Proof Operate
0%
B-118: Random Booster: Vol.11 Vise Leopard 4 Yard
0%
B-65: Speed Custom Set Wild Wyvern Infinity Yielding
0%
B-61: Random Booster: Vol.4 Wild Wyvern Jerk Gyro
0%
B-41: Starter Wild Wyvern Vertical Orbit
0%
B-202: Random Booster: Vol.30 Wind Kerbeus Xanthus Bounce-4
0%
B-202: Random Booster: Vol.30 Wind Knight Moon Bounce-6
0%
B-104: Starter Winning Valkyrie 12 Volcanic
0%
B-132: Random Booster: Vol.14 Winning Valkyrie 1' Operate
0%
B-118: Random Booster: Vol.11 Winning Valkyrie 3 Yielding
0%
B-111: Random Booster: Vol.10 Winning Valkyrie 8 Guard
0%
B-151: Random Booster: Vol.17 Wizard Bahamut 00Cross Jolt' Gen
0%
B-139: Starter Wizard Fafnir Ratchet Rise Sen
0%
B-130: Random Booster: Vol.13 Wolborg 0Expand Atomic
0%
B-121: Cho-Z Triple Booster Set Wolborg 8 Bearing
0%
B-186: Random Booster: Vol.26 World Dragon Outer Moment 4A
0%
B-172: Booster World Spriggan Unite' 2B
0%
B-14: Booster Wyvern Armed Massive
0%
B-24: Random Booster: Vol.2 Wyvern Central Needle
0%
B-24: Random Booster: Vol.2 Wyvern Heavy Accel
0%
B-22: Custom Set: Defense & Stamina Wyvern Heavy Survive
0%
B-23: Starter Xcalibur Force Xtreme
0%
B-67: Random Booster: Vol.5 Xeno Xcalibur Down Orbit
0%
B-48: Starter Xeno Xcalibur Magnum Impact
0%
B-67: Random Booster: Vol.5 Xeno Xcalibur Vertical Claw
0%
B-202: Random Booster: Vol.30 Xiphoid Belial Karma Destroy'-10
0%
B-200: Starter Xiphoid Xcalibur Xanthus Sword'-1
0%
B-95: Random Booster: Vol.8 Yaeger Yggdrasil 8Meteor Quake
0%
B-49: Random Booster: Vol.3 Yaeger Yggdrasil Gravity Yielding
0%
B-31: Starter Yggdrasil Ring Gyro
0%
B-105: Starter Z-Achilles 11 Xtend
0%
B-00: Anime Exclusive Bey Z-Achilles 11 Xtend+
0%
B-132: Random Booster: Vol.14 Z-Achilles 13Turn Blow'
0%
B-121: Cho-Z Triple Booster Set Z-Achilles 3Dagger Destroy
0%
B-111: Random Booster: Vol.10 Z-Achilles 4 Destroy
0%
B-201: Customize Set Zest Achilles Illegal Quattro'-4
0%
B-59: Starter Zillion Zeus Infinity Weight
0%
B-144: Booster Zwei Longinus Drake Spiral' Metsu
0%
No matching quizzes found
Score Distribution
Percent of People with Each Score
Percentile by Number Answered
Your Score History
You have not taken this quiz